[Event "Sulaymaniyah-ch"]
[Site "Sulaymaniyah"]
[Date "2013.09.25"]
[Round "3.3"]
[White "Sarkawat, Hamad Mohammed"]
[Black "Kameran, Aziz"]
[Result "0-1"]
[WhiteElo "1861"]
[BlackElo "2031"]
[PlyCount "82"]
[EventDate "2013.09.25"]
[EventType "tourn"]
[EventRounds "9"]
[EventCountry "IRQ"]
[SourceTitle "EXT 2024"]
[Source "ChessBase"]
[SourceDate "2023.10.10"]
[SourceVersion "1"]
[SourceVersionDate "2023.10.10"]
[SourceQuality "1"]

1. d4 Nf6 2. c4 e6 3. Nc3 Bb4 4. Nf3 0-0 5. Bg5 h6 6. Bh4 c5 7. a3 Bxc3+ 8. bxc3 Qa5 9. Qc2 Ne4 10. Rc1 Qxa3 11. e3 cxd4 12. Nxd4 a6 13. Bd3 f5 14. 0-0 Nf6 15. f4 Nc6 16. h3 d6 17. Nb3 Na5 18. Nd4 Qc5 19. Qe2 Bd7 20. g4 fxg4 21. hxg4 e5 22. g5 hxg5 23. fxg5 Ng4 24. Bf5 Bxf5 25. Nxf5 Rxf5 26. Rxf5 Qxe3+ 27. Qxe3 Nxe3 28. Rf3 Naxc4 29. Re1 Nd5 30. g6 Rf8 31. Rxf8+ Kxf8 32. Rf1+ Nf4 33. Bg5 Nd2 34. Rxf4+ exf4 35. Bxf4 Ne4 36. c4 Ke7 37. Kg2 Nc5 38. Bg5+ Ke6 39. Kf3 Nd7 40. Be3 Ne5+ 41. Ke4 Nxc4 0-1

[Event "Sulaymaniyah-ch"]
[Site "Sulaymaniyah"]
[Date "2012.06.30"]
[Round "9"]
[White "Kameran, Aziz"]
[Black "Rawaz, Omar Hama"]
[Result "1-0"]
[WhiteElo "2022"]
[BlackElo "1984"]
[PlyCount "65"]
[EventDate "2012.06.23"]
[EventType "tourn"]
[EventRounds "9"]
[EventCountry "IRQ"]
[SourceTitle "EXT 2013"]
[Source "ChessBase"]
[SourceDate "2012.11.22"]
[SourceVersion "1"]
[SourceVersionDate "2012.11.22"]
[SourceQuality "1"]

1. d4 d5 2. c4 c6 3. Nf3 Nf6 4. e3 Bf5 5. Nc3 e6 6. Be2 Be7 7. 0-0 0-0 8. Nh4 Bg6 9. Bd2 Nbd7 10. Nxg6 hxg6 11. Rc1 a6 12. c5 e5 13. b4 exd4 14. exd4 Ne4 15. Nxe4 dxe4 16. Qc2 Nf6 17. Rcd1 Re8 18. Bc4 Nd5 19. Qb3 Bf6 20. Be3 Re7 21. Bxd5 Qxd5 22. Qxd5 cxd5 23. a4 b5 24. cxb6 Rc8 25. Rc1 Rc4 26. Rxc4 dxc4 27. Rc1 c3 28. Rxc3 Rd7 29. Rc7 Rd8 30. b7 Bxd4 31. b8Q Kh7 32. Bxd4 Rxd4 33. h4 1-0

[Event "Asia Cities-ch 16th"]
[Site "Beirut"]
[Date "2009.04.18"]
[Round "3.5"]
[White "Sriram, Sarja"]
[Black "Kameran, Aziz"]
[Result "1/2-1/2"]
[WhiteElo "2219"]
[BlackElo "1917"]
[PlyCount "121"]
[EventDate "2009.04.16"]
[EventType "team-swiss"]
[EventRounds "9"]
[EventCountry "LBN"]
[SourceTitle "EXT 2020"]
[Source "ChessBase"]
[SourceDate "2019.10.17"]
[SourceVersion "1"]
[SourceVersionDate "2019.10.17"]
[SourceQuality "1"]
[WhiteTeam "Bangalore"]
[BlackTeam "Sulaymaniyah"]
[WhiteTeamCountry "IND"]
[BlackTeamCountry "IRQ"]

1. Nf3 d5 2. d4 Nf6 3. c4 c6 4. e3 e6 5. Nc3 Nbd7 6. Bd3 Bd6 7. 0-0 0-0 8. e4 dxe4 9. Nxe4 Nxe4 10. Bxe4 e5 11. Bc2 Re8 12. Re1 exd4 13. Rxe8+ Qxe8 14. Qxd4 Bc5 15. Qc3 a5 16. b3 Nf6 17. Bb2 Qe2 18. Nd4 Qh5 19. h3 Bd7 20. Qd3 Re8 21. Nf3 Bc8 22. Bxf6 gxf6 23. Re1 Rxe1+ 24. Nxe1 Be6 25. Nf3 Kg7 26. Kf1 Qh6 27. Qd2 Qxd2 28. Nxd2 a4 29. Ke2 axb3 30. axb3 Kf8 31. Ne4 Be7 32. Ng3 b5 33. Bd3 bxc4 34. Bxc4 Ke8 35. Kd3 f5 36. Nh5 Kd7 37. Kd4 Kd6 38. f4 Bh4 39. g3 Bd8 40. g4 fxg4 41. Bxe6 fxe6 42. hxg4 Bh4 43. Kc4 Bf2 44. Nf6 Be3 45. Nh5 Bc1 46. Kd3 Bb2 47. Kc2 Ba1 48. Ng3 Kd5 49. Kd3 Bb2 50. Ne4 Bg7 51. g5 h5 52. gxh6 Bxh6 53. Nf6+ Kc5 54. Nh5 Kd5 55. Nf6+ Kd6 56. Ke4 Kc5 57. Ke5 Kb4 58. Ng8 Bxf4+ 59. Kxf4 Kxb3 60. Nf6 c5 61. Ke5 1/2-1/2